BIBLIOTHÈQUE DE LA MAISON DU MEXIQUE

Logo 1 Logo 2

Cuatro escritores rituales (notice nᵒ 7059)

détails MARC
000 -Sello discográfico
campo de control de longitud fija 01196nam a2200313 4500
005 - Identificación de versión
campo de control 20260518115533.0
010 ## - Número Estándar Internacional de Libros (ISBN)
Número (ISBN) 970-18-7269-x
099 ## - fechas locales
Tipo de ítem Koha LIBRO
100 ## - Datos de procesamiento general
Datos de procesamiento general 20240618d2001 m y1spay5003 ba
101 ## - Idioma del recurso
Idioma del texto, banda sonora, etc. Español; Castellano
105 ## - Campo de datos codificados: Material textual, monográfico
Datos codificados de monografía y 001cy
200 1# - Título y mención de responsabilidad
Título propio Cuatro escritores rituales
Designación general del material texto impreso
Otra información del título Rulfo, Mutis, Sarduy, García Ponce
Primer mención de responsabilidad Alberto Ruy Sánchez
205 ## - Declaración de edición
Declaración de edición 1a ed
210 ## - Publicación, distribución, etc.
Lugar de publicación, distribución, etc. México
Nombre del editor, distribuidor, etc. Ediciones Sin Nombre
-- Consejo Nacional para la Cultura y las Artes
Fecha de publicación, distribución, etc. 2001
215 ## - Descripción física
Designación de material específico y extensión del ítem 77 p
Otras características físicas il.
Dimensiones 17 cm
345 ## - Nota de información de adquisición
Fuente de adquisición/dirección de la suscripción [OBSOLETO] Donación
410 #1 - Series
Título Colección La Centena
Nombre de parte o sección Ensayo
600 ## - Nombre personal usado como materia
Elemento de entrada García Ponce
Parte del nombre distinta del elemento de entrada Juan
Fechas 1932-2003
Subdivisión temática Crítica e interpretación
Número Koha 10571
600 ## - Nombre personal usado como materia
Elemento de entrada Mutis Jaramillo
Parte del nombre distinta del elemento de entrada Alvaro
Fechas 1923-2013
Subdivisión temática Crítica e interpretación
Número Koha 13061
600 ## - Nombre personal usado como materia
Elemento de entrada Pérez Rulfo Vizcaíno
Parte del nombre distinta del elemento de entrada Juan Nepomuceno Carlos
Fechas 1917-1986
Subdivisión temática Crítica e interpretación
Número Koha 1421
600 ## - Nombre personal usado como materia
Elemento de entrada Sarduy
Parte del nombre distinta del elemento de entrada Severo
Fechas 1937-1993
Subdivisión temática Crítica e interpretación
Número Koha 13062
606 ## - Término temático usado como materia
Elemento de entrada Ensayos hispanoamericanos
Subdivisión cronológica Siglo XX
Número Koha 13063
660 ## - Código de área geográfica
Código MX
700 ## - Nombre personal - Responsabilidad primaria
Elemento de entrada Ruy Sánchez Lacy
Parte del nombre distinta del elemento de entrada Alberto
Fechas 1951-
Número Koha 54
801 #0 - Fuente de origen
País FR
Agencia cm
Reglas de catalogación (convenciones descriptivas) AFNOR
942 ## - ELEMENTOS DE ENTRADA SECUNDARIOS (KOHA)
Tipo de ítem Koha Livre
Exemplaires
Estatus retirado Estado de daño Estado de pérdida Fecha de adquisición Biblioteca de origen Biblioteca actual Ubicación en estantería Código de barras Precio de reemplazo Signatura topográfica completa No para préstamo Tipo de ítem Koha Nota pública Nota no pública
      05/08/2025 Casa México Paris Casa México Paris   010420 05/08/2025 860.4 C397E V.1   Livre 20240618LIV 751145101